| 000 | 00710nam a2200253 a 4500 | ||
|---|---|---|---|
| 001 | 53771 | ||
| 003 | BD-RjUL | ||
| 005 | 20211209080022.0 | ||
| 008 | 161025s1969 enk b 001 0 eng | ||
| 020 | _a0090207130 | ||
| 035 | _a(BD-RjUL)53893 | ||
| 040 |
_aDLC _cDLC _dDLC _dBD-RjUL _beng |
||
| 041 | _aeng | ||
| 082 | 0 | 0 |
_223 _a346.066 _bHOI 1969 |
| 100 | 1 |
_aHornby, James Angus. _9160626 |
|
| 245 | 1 | 3 |
_aAn introduction to company law _c[by] J. A. Hornby. |
| 250 | _a3rd revised ed. | ||
| 260 |
_aLondon, _bHutchinson, _c1969. |
||
| 300 |
_a208 p.; _c22 cm. |
||
| 504 | _aBibliography: p. [204] | ||
| 650 | 0 |
_aCorporation law _zGreat Britain. _9136038 |
|
| 942 |
_2ddc _cBK |
||
| 999 |
_c53771 _d53771 |
||